Starting from scratch (Record no. 69716)

MARC details
000 -LEADER
fixed length control field 00838cam a2200205 4500
001 - CONTROL NUMBER
control field ABS65203
008 - FIXED-LENGTH DATA ELEMENTS--GENERAL INFORMATION
fixed length control field 020306n2002 000 0 eng u
035 ## - SYSTEM CONTROL NUMBER
System control number (Sirsi) u117026
100 ## - MAIN ENTRY--PERSONAL NAME
Personal name Charman, J.
245 ## - TITLE STATEMENT
Title Starting from scratch
260 ## - PUBLICATION, DISTRIBUTION, ETC.
Date of publication, distribution, etc. 2002
490 ## - SERIES STATEMENT
Series statement Insight
Volume/sequential designation (4.07) January/February 2002, 24-25(2)
520 ## - SUMMARY, ETC.
Summary, etc. Looks at ways rating system can be overhauled. Reaction to the council tax system has been less hostile than to domestic rates. Highlights situation of revaluation in Lithuania, where they have introduced market-value based property tax, but points out that any change to this type of tax collection needs undisputed government backing to succeed.
590 ## - LOCAL NOTE (RLIN)
Local note ABS
650 ## - SUBJECT ADDED ENTRY--TOPICAL TERM
Topical term or geographic name entry element LITHUANIA
650 ## - SUBJECT ADDED ENTRY--TOPICAL TERM
Topical term or geographic name entry element PROPERTY TAX
650 ## - SUBJECT ADDED ENTRY--TOPICAL TERM
Topical term or geographic name entry element VALUATIONS
690 ## - LOCAL SUBJECT ADDED ENTRY--TOPICAL TERM (OCLC, RLIN)
Topical term or geographic name as entry element RATING AND LOCAL TAXATION
942 ## - ADDED ENTRY ELEMENTS (KOHA)
Suppress in OPAC 0
Holdings
Withdrawn status Lost status Source of classification or shelving scheme Damaged status Not for loan Home library Current library Shelving location Date acquired Total Checkouts Full call number Barcode Date last seen Copy number Price effective from Koha item type
    Dewey Decimal Classification     London London Journal article 06/03/2002   ABS65203 117026-1001 06/08/2019 1 06/08/2019 Journal article